000
00241 a2200097 4500
090
_c
3826
_d
3826
100
_a
N.R.Parsa
245
_a
OOPs with C++ from the Foundation
260
_a
Dreamtech Press
_b
India
_c
1999
942
_a
NBS
_c
BK
_k
005.13 PAR
999
_c
346290
_d
346290